Catalog

Record Details

Catalog Search



Available copies

  • 2 of 2 copies available at LARL/NWRL Consortium. (Show)
  • 2 of 2 copies available at Northwest Regional Library.

Current holds

0 current holds with 2 total copies.

Show All Copies
Location Call Number / Copy Notes Barcode Shelving Location Status Due Date
Greenbush Public Library WIC (Text) 35500002875183 Main Available -
Karlstad LINK Site WIC (Text) 35500003618194 Main Available -

Record details

  • ISBN: 0890818851
  • Physical Description: 190 p. ; 21 cm.
  • Publisher: Eugene, Or. : Harvest House Publishers, c1990.

Content descriptions

General Note:
Sequel to: A song for Silas.
LDR 00903cam a2200253Ia 4500
0019999
003LARL_NWRL_CONSORTIUM
00519920622160310.0
008901009s1990 orua 000 1 eng
020 . ‡a0890818851
035 . ‡a(OCoLC)22623343
08200. ‡a813/.54 ‡220
099 . ‡aWic
1001 . ‡aWick, Lori. ‡0(LARL_NWRL_CONSORTIUM)96805
24514. ‡aThe long road home ‡n#3/ ‡cLori Wick.
260 . ‡aEugene, Or. : ‡bHarvest House Publishers, ‡cc1990.
300 . ‡a190 p. ; ‡c21 cm.
4900 . ‡aHarvest House fireside romance
4900 . ‡aPlace called home ; ‡v3
500 . ‡aSequel to: A song for Silas.
901 . ‡a9999 ‡bOCLC ‡c9999 ‡tbiblio

Additional Resources